Short People Quiz Stats

 Plays Quiz Updated Dec 9, 2019

Support Sporcle.
Go Orange.
Score 0/20 Timer 05:00
5 Plays Today
% Correct
E.T.
96%
R2D2
95.8%
Yoda
93.2%
Mini-me
82.6%
Frodo Baggins
82.3%
Alf
82.3%
Oompa Loompa
73.5%
Wicket
66.4%
Gimli, son of Gloin
51.3%
Munchkin coroner
42.9%
% Correct
Webster
39.7%
Tyrion Lannister
39.1%
Professor Flitwick
37.6%
Tattoo
37%
Short Round
36.8%
Arnold Jackson
34.6%
Willow Ufgood
33.3%
Griphook
24.7%
Louie DePalma
23.6%
Thorin Oakenshield
22.4%

You're not logged in!

Compare scores with friends on all Sporcle quizzes.
OR
Log In

From the Vault

Mix and Match Book Titles III

by MoMosMoProblems

Mixing and matching also plays with the plot, but that's neither here nor there.
Remove Ads.
Support Sporcle.
Get the best of Sporcle when you Go Orange. This ad-free experience offers more features, more stats, and more fun while also helping to support Sporcle. Thank you for becoming a member.

Show Comments

Extras

Top Quizzes Today


Score Distribution

Your Account Isn't Verified!

In order to create a playlist on Sporcle, you need to verify the email address you used during registration. Go to your Sporcle Settings to finish the process.

Report this User

Report this user for behavior that violates our Community Guidelines.

Details: